000 00258nam a22001097a 4500
008 170124b xxu||||| |||| 00| 0 eng d
020 _a9780323011679
041 _aeng
080 _22ND
_a618.2
245 _aNURSING PHARMACOLOGY
_cROLLANT, P.D
942 _2udc
_cBK
999 _c3499
_d3499